| 000 | 016110000a22003490004500 | ||
|---|---|---|---|
| 003 | EG-GICUC | ||
| 005 | 20250223025015.0 | ||
| 008 | 070930s2006 ua do f m 000 0 eng d | ||
| 040 |
_aEG-GICUC _beng _cEG-GICUC |
||
| 041 | 0 | _aEng | |
| 049 | _aDeposite | ||
| 097 | _aM.Sc | ||
| 099 | _aCai01.12.02.M.Sc.2006.Ra.C | ||
| 100 | 0 | _aRania Gomaa Mohamed | |
| 245 | 1 | 0 |
_aChemical and biochemical effects of green tea (camellia sinensis L.) on hepatotoxicity in Albino Rats / _cRania Gomaa Mohamed ; Supervised Bahia Yehia Riyad , Moustafa Mohamed Said , Amr Saad Mohamed Elsayed |
| 246 | 1 | 5 | _aالتاثيرات الكيميائية والبيوكيميائية للشاى الاخضر على السمية الكبدية فى الفئران البيضاء |
| 260 |
_aCairo : _bRania Gomaa Mohamed , _c2006 |
||
| 300 |
_a130Leaves : _bcharts , photographs ; _c30cm |
||
| 502 | _aThesis (M.Sc.) - Cairo University - Faculty Of Science - Department Of Biochemistry | ||
| 520 | _aThis work has been carried out in order to investigate the chemical composition of green tea as well as the prophylactic and curative effect of green tea against hepatotoxicity induced by carbon tetrachloride in male albino rats | ||
| 530 | _aIssued also as CD | ||
| 653 | 4 | _aCurative | |
| 653 | 4 | _aGreen tea | |
| 653 | 4 | _aProphylactic | |
| 700 | 0 |
_aAmr Saad Mohamed Elsayed , _eSupervisor |
|
| 700 | 0 |
_aBahia Yehia Riyad , _eSupervisor |
|
| 700 | 0 |
_aMoustafa Mohamed Said , _eSupervisor |
|
| 856 | _uhttp://172.23.153.220/th.pdf | ||
| 905 |
_aMustafa _eRevisor |
||
| 905 |
_aSamia _eCataloger |
||
| 942 |
_2ddc _cTH |
||
| 999 |
_c3666 _d3666 |
||